|
|
|
|
| LEADER |
00000cam a2200000 7i4500 |
| 001 |
0000085711 |
| 005 |
20201017.0 |
| 008 |
201017 |
| 020 |
|
|
|a 9789672107262
|
| 041 |
0 |
|
|a Malay
|
| 090 |
0 |
0 |
|a 372.4
|b MOH
|
| 100 |
0 |
|
|a Mohammad Qayyum A. Badaruddin
|c Mejar (B) ,
|d 1968-
|
| 245 |
1 |
0 |
|a Dekad membaca :
|b revolusi sikap membaca
|c Mejar (B) Mohammad Qayyum A. Badaruddin
|
| 260 |
|
|
|a Selangor :
|b Casamas Resources Sdn Bhd ,
|c 2020
|
| 300 |
|
|
|a 176 p. ;
|c 35 cm.
|
| 541 |
0 |
0 |
|c Purchased on 2020
|f 157/2020 ABR
|h RM25.00
|
| 650 |
|
0 |
|a Reading
|
| 650 |
|
0 |
|a Reading habits
|
| 999 |
|
|
|a 0001632757
|b Book
|c Adult Collection
|e Cawangan Batu Pahat
|
| 999 |
|
|
|a 0001632758
|b Book
|c Adult Collection
|e Cawangan Pontian
|
| 999 |
|
|
|a 0001632760
|b Book
|c Adult Collection
|e Cawangan Bandar Tenggara
|
| 999 |
|
|
|a 0001632761
|b Book
|c Adult Collection
|e Cawangan Bukit Gambir
|
| 999 |
|
|
|a 0001632762
|b Book
|c Adult Collection
|e Cawangan Tmn. Ungku Tun Aminah
|
| 999 |
|
|
|a 0001632763
|b Book
|c Adult Collection
|e Cawangan Tangkak
|
| 999 |
|
|
|a 0001632764
|b Book
|c Adult Collection
|e Cawangan Muar
|
| 999 |
|
|
|a 0001632765
|b Book
|c Adult Collection
|e Cawangan Tangkak
|
| 999 |
|
|
|a 0001632766
|b Book
|c Adult Collection
|e Cawangan Segamat
|
| 999 |
|
|
|a 0001632767
|b Book
|c Adult Collection
|e Cawangan Taman Sri Lambak
|
| 999 |
|
|
|a 0001632768
|b Book
|c Adult Collection
|e Cawangan Kota Tinggi
|
| 999 |
|
|
|a 0001632769
|b Book
|c Adult Collection
|e Cawangan Mersing
|
| 999 |
|
|
|a 0001633026
|b Book
|c Adult Collection
|e Perbadanan Perpustakaan Awam Johor
|
| 999 |
|
|
|a 0001633027
|b Book
|c Adult Collection
|e Cawangan Urban Transformation Centre
|
| 999 |
|
|
|a 0001633028
|b Book
|c Adult Collection
|e Cawangan AEON Kulaijaya
|